| 000 | 00438nam a2200157 i 4500 | ||
|---|---|---|---|
| 001 | 76396 | ||
| 003 | ES-MaACL | ||
| 005 | 20230906172829.0 | ||
| 007 | t| | ||
| 008 | 041001s1966 sp ||||1| spa d | ||
| 100 | 1 |
_aGuerra, Manuel H. _960496 |
|
| 245 | 1 | 3 |
_aEl teatro de Manuel y Antonio Machado / _cManuel H. Guerra. |
| 260 |
_aMadrid : _b[MediterrĂ¡neo], _c1966. |
||
| 300 |
_a208 p. ; _c21 cm. |
||
| 852 |
_aES-MaACL _jC-31296 _bR.61765 |
||
| 999 |
_c76396 _d76396 |
||